Statistiques concernant Anciennes Colonies et Possessions Espagnoles

Cliquez ici pour prendre le quiz!

Statistiques générales

  • Ce quiz a été pris 317 fois
  • Le résultat moyen est 20 sur 31

Statistiques - réponses

Fin de la possession EspagnoleTerritoires% Correct
1816Argentine
96%
1821Mexique
94%
1818Chili
91%
1819Colombie
90%
1898Cuba
89%
1811Uruguay
89%
1811Vénézuela
89%
1821Panama
88%
1821Pérou
88%
1811Paraguay
87%
1822Équateur
84%
1822Honduras
82%
1823Bolivie
81%
1821Guatemala
81%
1821Costa Rica
80%
1821Nicaragua
79%
1821Salvador
78%
1640Portugal
70%
1844République Dominicaine
68%
1898Philippines
62%
1968Guinée Équatoriale
45%
1697Haïti
44%
1581 Partie Nord, 1713 Partie SudPays-Bas Espagnols
43%
1976Sahara Occidental
40%
1821Floride
32%
1821Californie
30%
1898Porto Rico
28%
Entre 1713 et 1718Sicile
23%
1800Louisiane
21%
1718Sardaigne
21%
1714Royaume de Naples
4%

Distribution des résultats

Percentile par nombre de réponses

% des personnes avec chaque résultat

Votre développement - résultats

Vous n’avez pas pris ce quiz